00597nam a22001937a 450000500170000001000330001702000320005002000370008203500170011903500130013603700170014903700220016608200120018824500690020026000350026927000600030430000270036452000120039120180226113923.0 aB-529168-174 B-663789 a9780143419075 (V.2)c499.00 a9780143419075 (V.2)c599.00 (AV) aB-529168-174 aB-663789 adplbUBH/Ven adplbBookwell/Ven a883.092 aClassic Ruskin Bond Vol 2:bthe memoirs complete and unabridged/ aNew DelhibPenguin Booksc2012 a11 Community Centre, Panchsheel ParkbNew Delhie110017 av.2 (766p.)c21cm(pbk) a13-14EN